Neodkladné opatrenia v súdnej ochrane proti nekalej súťaži

Cieľom príspevku, vzhľadom na možnosti rozsahu, bolo zodpovedať na základné otázky aplikácie neodkladného opatrenia v práve proti nekalej súťaži. Z uvedenej analýzy je zrejmé, že súčasná právna úprava neodkladných opatrení je krokom dopredu oproti predchádzajúcej právnej úprave z viacerých hľadísk.

Na minha lista:
Detalhes bibliográficos
Autor principal: Vozár, Jozef
Formato: Capítulo de Livro
Idioma:eslovaco
Assuntos:
Tags: Adicionar Tag
Sem tags, seja o primeiro a adicionar uma tag!

MARC

LEADER 00000naa a2200000 4500
001 0299607
005 20240417075306.8
041 0 |a slo 
044 |a SK 
245 1 0 |a Neodkladné opatrenia v súdnej ochrane proti nekalej súťaži  |c Jozef Vozár 
520 |a Cieľom príspevku, vzhľadom na možnosti rozsahu, bolo zodpovedať na základné otázky aplikácie neodkladného opatrenia v práve proti nekalej súťaži. Z uvedenej analýzy je zrejmé, že súčasná právna úprava neodkladných opatrení je krokom dopredu oproti predchádzajúcej právnej úprave z viacerých hľadísk. 
610 2 0 |a súťaž nekalá 
610 2 0 |a opatrenia 
610 2 0 |a úpravy právne 
610 2 0 |a zodpovednosť za škody 
610 2 0 |a súdy ústavné 
100 1 |a Vozár, Jozef